书目信息 |
| 书名: | Sorensen and Luckmann's Basic Nursing | |
| 作者: | Bolander,Verolyn Barnes. | |
| 分册号: | ||
| 分册名: | 出版地: | Philadelphia : |
|
| 出版社: | W.B.Saunders Com | |
| 出版时间: | 1994. | |
| 页数: | 1642 p. ; | |
| 开本: | 26cm. | |
| 丛书名: | ||
| 中图分类号: | ||
| 科图分类号: | ||
| 其他分类号: | R471 | |
| 主题词: | ||
| 电子资源: | ||
| 000 | 00479nam 2200157 a 4500 | |
| 001 | E0457471430 | |
| 005 | 2004122215575101 | |
| 008 | 041222s1994 00010 eng | |
| 020 | @a0-7216-4013-3 :@cCNY 12.00. | |
| 040 | @aPFT@beng | |
| 090 | @aR471 | |
| 099 | @dR471@eB687 | |
| 245 | @aSorensen and Luckmann's Basic Nursing :@bA Psychophysiologic Approach / @cBolander,Verolyn Barnes. | |
| 250 | @a3rd ed. | |
| 260 | @aPhiladelphia :@bW.B.Saunders Com.,@c1994. | |
| 300 | @a1642 p. ;@c26cm. | |
| Sorensen and Luckmann's Basic Nursing : : A Psychophysiologic Approach / / Bolander,Verolyn Barnes.-3rd ed.-Philadelphia : : W.B.Saunders Com., , 1994. |
| 1642 p. ; ; 26cm. |
| ISBN 0-7216-4013-3 :CNY 12.00. |
| ● |
| 相关链接 |
|
|
|
正题名:Sorensen and Luckmann's Basic Nursing
索取号:R471/B687
 
预约/预借
| 序号 | 登录号 | 条形码 | 馆藏地/架位号 | 状态 | 备注 |
| 1 | 05041 | 300050414 | 自科库401/401自科库 17排3列3层/ [索取号:R471/B687] | 在馆 |